000 00495pab a2200181 454500
008 180718b2011 xxu||||| |||| 00| 0 eng d
100 _aKells, Stuart
245 _aPerformance auditing and public sector innovations: Friends with benefits or strange bedfellows?
260 _c2011
300 _ap.163-184.
362 _aDec
650 _aAudit
650 _aPublic sector
700 _aHodge, Graeme
773 _aAsian Journal of Public Administration
908 _aN
909 _a96482
999 _c96482
_d96482